000 00635nam a2200229Ia 4500
003 OSt
005 20221007074634.0
006 a|||||r|||| 00| 0
007 ta
008 221006b |||||||| |||| 00| 0 eng d
024 _a17,364
037 _cTextual
040 _aFLL
_cFLL
_beng
041 _2eng
_aeng
082 _aXM55:Z2y7, M5
100 _aSingh K.K. Au.
_9681808
245 0 _aAppeal revision and reference under direct tax laws
260 _aNagpur
_bWadhwa and co. India
_c1985
300 _axlviii,840p
_ccm.
942 _hXM55:Z2y7, M5
_cTEXL
_2CC
999 _c1153169
_d1153169